Rural Design and Building (Record no. 118632)

MARC details
000 -LEADER
fixed length control field 00641cas a22002175a 4500
001 - CONTROL NUMBER
control field L435
008 - FIXED-LENGTH DATA ELEMENTS--GENERAL INFORMATION
fixed length control field 070711c1996 xxkfr p 0 a0eng
022 1# - INTERNATIONAL STANDARD SERIAL NUMBER
International Standard Serial Number 1362-7376
035 ## - SYSTEM CONTROL NUMBER
System control number (Sirsi) u99049
041 0# - LANGUAGE CODE
Language code of text/sound track or separate title eng
110 2# - MAIN ENTRY--CORPORATE NAME
Corporate name or jurisdiction name as entry element Rural Design and Building Association
9 (RLIN) 34
245 00 - TITLE STATEMENT
Title Rural Design and Building
260 ## - PUBLICATION, DISTRIBUTION, ETC.
Place of publication, distribution, etc. Newport
Name of publisher, distributor, etc. Rural Design and Building Association
Date of publication, distribution, etc. 1996-
362 0# - DATES OF PUBLICATION AND/OR SEQUENTIAL DESIGNATION
Dates of publication and/or sequential designation 1 Spring 1996-Spring/Summer 1999
554 ## -
-- Two per year
651 #4 - SUBJECT ADDED ENTRY--GEOGRAPHIC NAME
Geographic name United Kingdom
Chronological subdivision
690 ## - LOCAL SUBJECT ADDED ENTRY--TOPICAL TERM (OCLC, RLIN)
Topical term or geographic name as entry element ENVIRONMENTAL AND LAND CONSULTANCY-AGRIBUSINESS
780 00 - PRECEDING ENTRY
Title Farm Buildings and Engineering
942 ## - ADDED ENTRY ELEMENTS (KOHA)
Suppress in OPAC 0
948 ## - LOCAL PROCESSING INFORMATION (OCLC); SERIES PART DESIGNATOR (RLIN)
c (OCLC) 30/04/1996
Holdings
Withdrawn status Lost status Source of classification or shelving scheme Damaged status Not for loan Home library Current library Shelving location Date acquired Total Checkouts Full call number Barcode Date last seen Price effective from Koha item type
    Other/Generic Classification Scheme     London London Basement 11/07/2007   RURAL DESIGN AND BUILDING 99049-1001 06/08/2019 06/08/2019 Journal